Contemporary Logistics / (Record no. 26617)

000 -LEADER
fixed length control field 01785 a2200205 4500
008 - FIXED-LENGTH DATA ELEMENTS--GENERAL INFORMATION
fixed length control field 230621b ||||| |||| 00| 0 eng d
020 ## - INTERNATIONAL STANDARD BOOK NUMBER
International Standard Book Number 9789353069735
Terms of availability Rs475.00
041 0# - LANGUAGE CODE
Language code of text/sound track or separate title eng
082 00 - DEWEY DECIMAL CLASSIFICATION NUMBER
Classification number 658.5
Item number M9781
100 ## - MAIN ENTRY--PERSONAL NAME
Personal name Murphy, Paul R.
9 (RLIN) 5517
245 ## - TITLE STATEMENT
Title Contemporary Logistics /
250 ## - EDITION STATEMENT
Edition statement 12th ed.
260 ## - PUBLICATION, DISTRIBUTION, ETC. (IMPRINT)
Place of publication, distribution, etc Noida:
Name of publisher, distributor, etc Pearson india education services,
Date of publication, distribution, etc 2022.
300 ## - PHYSICAL DESCRIPTION
Extent 312 p. :
Other physical details ill. ;
Dimensions 26 cm
505 0# - FORMATTED CONTENTS NOTE
Formatted contents note "Part I: An Overview of Logistics 1. An Overview of Logistics 2. Logistics and Information Technology 3. Strategic and Financial Logistics 4. Organizational and Managerial Issues in Logistics Part II: Supply Chain Management 5. The Supply Chain Management Concept 6. Procurement Part III: Elements of Logistics Systems 7. Demand Management, Ordered Management, and Customer Service 8. Inventory Management 9. Facility Location 10. Warehousing Management 11. Packaging and Materials Handling 12. Transportation 13. Transportation Management 14. International Logistics "
520 ## - SUMMARY, ETC.
Summary, etc Numerous relevant, real-world examples spark and hold student interest. The humorous side of logistics and supply chain management is exemplified in the authors' conversational writing style. NEW! The end-of-chapter cases such as The Adelaide Dairy Company, Fresh Produce Cross-docking Facility, All-Indian Logistics Services and others help students learn the concepts through business situations that include national and international challenges. Fresh insights and perspectives provided by reviewers, adopters, and others—coupled with the expertise of new coauthor A. Michael Knemeyer—keeps the text fresh and up-to-date. "<br/>
650 #0 - SUBJECT ADDED ENTRY--TOPICAL TERM
Topical term or geographic name as entry element Business Logistics
700 ## - ADDED ENTRY--PERSONAL NAME
9 (RLIN) 5518
Personal name Knemeyer, A. Michael
942 ## - ADDED ENTRY ELEMENTS (KOHA)
Source of classification or shelving scheme
Item type Books
Holdings
Withdrawn status Lost status Source of classification or shelving scheme Damaged status Not for loan Permanent location Current location Shelving location Date acquired Source of acquisition Cost, normal purchase price Full call number Barcode Date last seen Cost, replacement price Koha item type Total Checkouts Date last borrowed
          IMU Kolkata IMU Kolkata Reference 2023-06-21 4 356.01 658.5 M9781 14040 2023-06-21 475.00 Books    
          IMU Kolkata IMU Kolkata   2023-06-21 4 356.01 658.5 M9781 14041 2025-08-20 475.00 Books 3 2025-08-05
          IMU Kolkata IMU Kolkata   2023-06-21 4 356.01 658.5 M9781 14042 2025-12-19 475.00 Books 1 2023-08-07
Designed and Maintained by IMU-KC Library, Kolkata Campus © Copyright All Rights Reserved

webs counters

Powered by Koha